[Event "IECC M email"]
[Site "IECC email"]
[Date "1998.08.27"]
[Round "?"]
[White "Allen, Bob"]
[Black "Ventimiglia, Charles"]
[Result "0-1"]
[WhiteElo "1668"]
[BlackElo "1771"]
[PlyCount "74"]
[EventDate "1998.??.??"]
[EventType "tourn (corr)"]
[EventRounds "12"]
[SourceTitle "Corr 2008"]
[Source "ChessBase"]
[SourceDate "2008.06.24"]
[SourceVersion "1"]
[SourceVersionDate "2008.06.24"]
[SourceQuality "1"]

1. e4 d6 2. d4 Nf6 3. Nc3 g6 4. Bg5 Bg7 5. f4 c6 6. Qd2 Be6 7. Bd3 h6 8. Bh4 Qb6 9. Nf3 d5 10. Na4 Qc7 11. Nc5 dxe4 12. Nxe6 fxe6 13. Bxf6 exf6 14. Bxe4 f5 15. Bd3 c5 16. 0-0 Nc6 17. c3 cxd4 18. cxd4 Nxd4 19. Nh4 Qb6 20. Kh1 Kf7 21. Rac1 Rhd8 22. Qf2 Qd6 23. Bc4 Bf6 24. Rcd1 Rac8 25. b3 b5 26. Bxb5 Qe7 27. Nxf5 Nxf5 28. Bc4 Rxd1 29. Rxd1 Qc5 30. Qe2 Qe3 31. Re1 Qxe2 32. Rxe2 Nd4 33. Re1 Rc6 34. g4 a5 35. Kg2 a4 36. Kg3 axb3 37. axb3 Bh4+ 0-1

[Event "IECC M email"]
[Site "IECC email"]
[Date "1998.08.27"]
[Round "?"]
[White "Ventimiglia, Charles"]
[Black "Allen, Bob"]
[Result "1-0"]
[WhiteElo "1751"]
[BlackElo "1681"]
[PlyCount "21"]
[EventDate "1998.??.??"]
[EventType "tourn (corr)"]
[EventRounds "12"]
[SourceTitle "Corr 2008"]
[Source "ChessBase"]
[SourceDate "2008.06.24"]
[SourceVersion "1"]
[SourceVersionDate "2008.06.24"]
[SourceQuality "1"]

1. e4 e5 2. f4 exf4 3. Nf3 d6 4. d4 g5 5. h3 h6 6. Nc3 Bd7 7. Bc4 Nc6 8. 0-0 f6 9. Ne5 fxe5 10. Qh5+ Ke7 11. Qf7# 1-0

[Event "IECC M email"]
[Site "IECC email"]
[Date "1998.07.15"]
[Round "?"]
[White "Ventimiglia, Charles"]
[Black "Allen, Bob"]
[Result "1-0"]
[WhiteElo "1716"]
[BlackElo "1711"]
[PlyCount "55"]
[EventDate "1998.??.??"]
[EventType "tourn (corr)"]
[EventRounds "12"]
[SourceTitle "Corr 2008"]
[Source "ChessBase"]
[SourceDate "2008.06.24"]
[SourceVersion "1"]
[SourceVersionDate "2008.06.24"]
[SourceQuality "1"]

1. b4 g6 2. Bb2 Nf6 3. Nf3 Bg7 4. e3 0-0 5. Bd3 e6 6. 0-0 d6 7. Nc3 b6 8. a4 Bb7 9. a5 a6 10. axb6 cxb6 11. b5 a5 12. Bc4 d5 13. Bb3 Ne4 14. d4 Nd6 15. Ba3 Qc7 16. Ne5 Qxc3 17. Bxd6 Rd8 18. Qf3 f6 19. Bxb8 Raxb8 20. Nd3 Rf8 21. Nf4 Qc8 22. e4 dxe4 23. Qg3 Re8 24. Bxe6+ Rxe6 25. Nxe6 Qe8 26. Nxg7 Kxg7 27. Qc7+ Kh8 28. Qxb6 1-0

[Event "IECC M email"]
[Site "IECC email"]
[Date "1998.06.09"]
[Round "?"]
[White "Allen, Bob"]
[Black "De Leeuw, Dirk"]
[Result "0-1"]
[WhiteElo "1591"]
[BlackElo "1957"]
[PlyCount "38"]
[EventDate "1998.??.??"]
[EventType "tourn (corr)"]
[EventRounds "12"]
[SourceTitle "Corr 2008"]
[Source "ChessBase"]
[SourceDate "2008.06.24"]
[SourceVersion "1"]
[SourceVersionDate "2008.06.24"]
[SourceQuality "1"]

1. e4 c5 2. Nf3 d6 3. d4 cxd4 4. Nxd4 Nf6 5. Nc3 g6 6. Be3 Bg7 7. f3 0-0 8. Qd2 Nc6 9. 0-0-0 d5 10. exd5 Nxd5 11. Nxc6 bxc6 12. Bd4 e5 13. Bc5 Be6 14. Ne4 Re8 15. h4 Rb8 16. Bc4 a5 17. h5 gxh5 18. Rxh5 Nf4 19. Qxd8 Rexd8 0-1